| 000 | 00778nam a2200205 i 4500 | ||
|---|---|---|---|
| 001 | 160655 | ||
| 003 | ES-MaACL | ||
| 005 | 20251001144824.0 | ||
| 008 | 950418s1874 sp |||| | spa d | ||
| 040 |
_aEUS _bspa _cEUS |
||
| 100 | 1 |
_aNicolas, Auguste, _d1807-1888 _9130468 |
|
| 245 | 1 | 3 |
_aLa revolución y el orden cristiano _b: obra complemental de El Estado sin Dios del mismo autor / _cpor Augusto Nicolas ; traducida por José Vicente y Carvantes. |
| 260 |
_aMadrid : _bLibrería de Gaspar y Roig, _c1874. |
||
| 300 |
_aXII, 364 p. ; _c19 cm. |
||
| 650 | 4 |
_aCristianismo y política. _911439 |
|
| 700 | 1 |
_aVicente y Caravantes, José, _dca. 1820-1880 _9133668 |
|
| 852 |
_aES-MaACL _jG-10264 _z-- Enc. hol. |
||
| 999 |
_c160655 _d160655 |
||